Le piccole vacanze

Guardat en:
Dades bibliogràfiques
Autor principal: Arbasino, Alberto
Format: Llibre
Idioma:anglès
Publicat: Torino Einaudi stampa 1978
Edició:4. ed.
Col·lecció:Nuovi coralli
Etiquetes: Afegir etiqueta
Sense etiquetes, Sigues el primer a etiquetar aquest registre!

MARC

LEADER 00000nam a2200000 4500
001 CDOM0000002546
003 mi
005 20250729131119.0
008 250729b |||||||| |||| 00| 0 eng d
040 |c mi 
100 |a Arbasino, Alberto 
245 1 |a Le piccole vacanze  |c Alberto Arbasino 
250 |a 4. ed. 
260 |a Torino  |b Einaudi  |c stampa 1978 
300 |a 261 p.  |c 20 cm. 
490 |a Nuovi coralli 
500 |a Ristampa identica alla precedente del 7 luglio 1973 
942 |2 ddc  |c BK 
952 |0 0  |1 0  |2 ddc  |4 0  |6 B_LNR03ARBALPIC11  |7 1  |9 6052  |a MI  |b MI  |d 1987-12-14  |i 719  |l 0  |o B-LNR03-ARBAL-PIC11  |p CDOM719  |r 2025-07-13 16:28:00  |w 2025-07-13  |x ACQUISTO  |y BK 
999 |c 4832  |d 4832